| 000 | 03437cam a2200577 i 4500 | ||
|---|---|---|---|
| 001 | data | ||
| 008 | data | ||
| 005 | 20260322212122.0 | ||
| 010 | _a 2018383238 | ||
| 016 | 7 |
_a1135611343 _2DE-101 |
|
| 020 |
_a9783643135957 _q(pbk.) |
||
| 020 | _a3643135955 | ||
| 024 | 3 | _a9783643135957 | |
| 035 | _a(OCoLC)1004222948 | ||
| 040 |
_aOHX _beng _cOHX _dDLC _dOCLCO _dOCLCF _dSTF _dOCLCQ _dOCLCO _dOCLCQ _dOCLCL _dDLC _erda |
||
| 042 | _alccopycat | ||
| 050 | 0 | 0 |
_aGV706 _b.F73 2017 |
| 072 | 7 |
_aGV _2lcco |
|
| 072 | 7 |
_aHM _2lcco |
|
| 100 | 1 |
_aFranz, Manfred, _eauthor. |
|
| 245 | 1 | 0 |
_aNeue Denkwege im Sport : _btheoretische Grundlagen / _cManfred Franz / Detlef Köpke. |
| 264 | 1 |
_aBerlin : _bLit, _c[2017] |
|
| 300 |
_aii, 322 pages ; _c21 cm. |
||
| 336 |
_atext _btxt _2rdacontent |
||
| 337 |
_aunmediated _bn _2rdamedia |
||
| 338 |
_avolume _bnc _2rdacarrier |
||
| 490 | 0 |
_aSportwissenschaft ; _vBand 8 |
|
| 504 | _aIncludes bibliographical references (pages 315-322). | ||
| 505 | 0 | 0 |
_gLiteraturverzeichnis. _tPopularitätsfaktoren, die das Verhältnisses "Sport-Gesellschaft" beeinflussen -- _tGrundlegendes zur Theorie der Regelqualität -- _tZum Sportbegriff und inneren Struktur des Sports -- _tDie Ausgangsposition -- _tDer Transformationsprozess -- _tDie Betätigungen -- _tTätigkeiten : Festlegung der primären Wesensmerkmale -- _tErscheinungsformen : Festlegung der sekundären Wesensmerkmale -- _tBeziehungen zwischen handelnden Personen -- _tWeitere Grundprobleme -- _tGrenzziehungsmechanismen -- _tKonfliktkultur im Sport -- _tMethode zur Schaffung einer widerspruchsfreien Sport-Definition -- _tOberbegriff Gesamtsport -- _tRegeltheoretischer Sport -- _tRegelqualitativer Sport -- _tPraktisch ausgeübter Sport -- _tVerhältnis von Personen zu ausgeübten Erscheinungsformen -- _tIntegrationssport -- _tDie Aussengrenze des regeltheoretischen Sports -- _tInnere Systematisierungen im Gesamtsport -- _tGrenzproblematik -- _tDefinition regeltheoretischer Sport -- _tLiteraturbewertung -- _tPopularität des Sports -- _tErläuterungen zum Begriff 'Popularität' -- _tEntstehung der Einstellung zum Sport -- _tSportartspezifische Betrachtung der Popularität -- _tDie Popularitätsgrössen -- _tZuschauerresonanz -- _tZahl der Aktiven -- _tZahl der Sportförderungsinstitutionen -- _tErläuterungen zum Begriff 'Popularitätsfaktor' -- _tDer Popularitätsfaktor 'Schauwert' -- _tPopularitätsfaktor 'Regelqualität' -- _tPopularitätsfaktoren, die das Verhältnisses "Sport-Gesellschaft" beeinflussen -- _gZusammenfassung -- _gLiteraturverzeichnis. |
| 650 | 0 | _aSports. | |
| 650 | 0 |
_aSports _vRules. |
|
| 650 | 0 |
_aSports _xPhilosophy. |
|
| 650 | 0 | _aSports sciences. | |
| 650 | 6 | _aSports. | |
| 650 | 6 |
_aSports _vRègles. |
|
| 650 | 6 |
_aSports _xPhilosophie. |
|
| 650 | 6 | _aSciences du sport. | |
| 650 | 7 |
_asports. _2aat |
|
| 650 | 7 |
_aSports. _2fast _0(OCoLC)fst01130432 |
|
| 650 | 7 |
_aSports _xPhilosophy. _2fast _0(OCoLC)fst01130484 |
|
| 650 | 7 |
_aSports sciences. _2fast _0(OCoLC)fst01130746 |
|
| 655 | 7 |
_aRules. _2fast _0(OCoLC)fst01423857 |
|
| 906 |
_a7 _bcbc _ccopycat _d3 _encip _f20 _gy-gencatlg |
||
| 923 |
_d20180411 _n0167693 _sGyWOH |
||
| 925 | 0 |
_aacquire _b1 shelf copy _xpolicy default |
|
| 936 | _aBATCHLOAD | ||
| 985 | _eVENDOR LOAD | ||
| 985 | _ePCSC contract | ||
| 999 |
_c1870 _d1870 |
||